| 000 | 02014nam a2200301Ia 4500 | ||
|---|---|---|---|
| 999 |
_c36779 _d36779 |
||
| 001 | 2718 | ||
| 003 | GE_BSU | ||
| 005 | 20190605161002.0 | ||
| 008 | 181216s2011||||ge |||||||||||||| ||geo|| | ||
| 020 | _a9789941104763 | ||
| 040 | _cGE_BSU | ||
| 041 | _ageo | ||
| 080 | _a811.353.1 თ–29 | ||
| 245 |
_aთანამედროვე ქართული ენის მორფოლოგია : _bსალიტერატურო ენა / _cგიორგი გოგოლაშვილი, ავთანდილ არაბული, მურმან სუხიშვილი [და სხვ.]] ; გიორგი გოგოლაშვილის საერთო რედ. ; არნ. ჩიქობავას სახ. ენათმეცნ. ინ-ტი, შოთა რუსთაველის ეროვნ. სამეცნ. ფონდი. |
||
| 264 |
_aთბილისი : _bმერიდიანი, _c2011. |
||
| 300 |
_a831 გვ. ; _b25 სმ. |
||
| 653 | _aქართული ენის მორფოლოგი | ||
| 653 | _aქართული სალიტერატურო ენა | ||
| 700 |
_aგოგოლაშვილი, გიორგი _eავტორი _92128 |
||
| 700 |
_aარაბული, ავთანდილ _eავტორი _9316 |
||
| 700 |
_aსუხიშვილი, მურმან _eავტორი _92129 |
||
| 700 |
_aმანჯგალაძე, მარიამ _eავტორი _92130 |
||
| 700 |
_aჭუმბურიძე, ნინო და სხვ. _eავტორი _92131 |
||
| 700 |
_aგოგოლაშვილი, გიორგი _eრედაქტორი _92128 |
||
| 710 |
_aარნ. ჩიქობავას სახ. ენათმეცნ. ინ-ტი _91996 |
||
| 710 |
_aშოთა რუსთაველის ეროვნ. სამეცნ. ფონდი _92132 |
||
| 942 |
_cBK _2udc |
||